|
|
|
|
| LEADER |
00000nam a2200000 i 4500 |
| 001 |
1/87387 |
| 008 |
950516s1986 gre d |
| 035 |
|
|
|a 1987
|c Δωρεά
|l 10035227
|
| 035 |
|
|
|a 1998
|b 1
|c ΚΠΣ/ΔΕ
|
| 040 |
|
|
|a GR-MY-UA
|b gre
|e aacr
|
| 041 |
0 |
|
|a gre
|
| 082 |
0 |
|
|a 305.23409
|
| 100 |
1 |
|
|a Μακρυνιώτη, Δήμητρα.
|
| 245 |
1 |
2 |
|a Η παιδική ηλικία στα αναγνωστικά βιβλία 1834-1919 /
|c Δήμητρα Μακρυνιώτη
|
| 260 |
|
|
|a Αθήνα :
|b Δωδώνη,
|c 1986
|
| 300 |
|
|
|a 312 σ.
|
| 500 |
|
|
|a Σημείωση άνω του τίτλου: Ιδρυμα Ερευνών για το Παιδί
|
| 504 |
|
|
|a Βιβλιογραφία: σ. 297-307
|
| 650 |
0 |
0 |
|a Children.
|
| 650 |
0 |
0 |
|a Readers (Elementary)
|
| 650 |
0 |
0 |
|a Greek language
|x Readers.
|
| 650 |
0 |
0 |
|a Socialization.
|
| 852 |
|
|
|a INST
|b CHIOS
|e 19960508
|h 305.23409 ΜΑΚ
|p 005200000186
|q 005200000186
|t BK
|y 0
|
| 852 |
|
|
|a INST
|b LESVOS
|e 19950516
|h 305.23409 ΜΑΚ
|p 005100000770
|q 005100000770
|t BK
|y 0
|
| 852 |
|
|
|a INST
|b RHODES
|e 19960704
|h 305.23409 ΜΑΚ
|p 005400004438
|q 005400004438
|t BK
|y 0
|
| 852 |
|
|
|a INST
|b RHODES
|e 19980526
|h 305.23409 ΜΑΚ
|p 005400006506
|q 005400006506
|t BK
|y 0
|
| 909 |
|
|
|a Ρ
|b 004194
|c 1987
|
| 909 |
|
|
|a Ρ
|b 053263
|c 1998
|
| 909 |
|
|
|a Λ
|b 023920
|
| 909 |
|
|
|a Χ
|b 007640
|